| 000 -LEADER |
| fixed length control field |
00725nam a22001577a 4500 |
| 003 - CONTROL NUMBER IDENTIFIER |
| control field |
OSt |
| 005 - DATE AND TIME OF LATEST TRANSACTION |
| control field |
20150921151434.0 |
| 008 - FIXED-LENGTH DATA ELEMENTS--GENERAL INFORMATION |
| fixed length control field |
150921b xxu||||| |||| 00| 0 eng d |
| 040 ## - CATALOGING SOURCE |
| Transcribing agency |
RUA |
| 082 ## - DEWEY DECIMAL CLASSIFICATION NUMBER |
| Classification number |
AGR CHH 2006 B034 Or.1 |
| 100 ## - MAIN ENTRY--PERSONAL NAME |
| 9 (RLIN) |
1019 |
| Personal name |
CHHUM, VISETH. |
| 245 ## - TITLE STATEMENT |
| Title |
Effect of different midai (pda,ma,pdase, pdarbs to the growth of oyster mushroom ឥទ្ធិពលនៃមជ្ឈដ្ឋានខុសគ្នា (ប៉េដេអា, អឹមអា,ប៉េដេអាអេសអឺ, ប៉េដេអាអ៊ែបេអេស) លើការលូតលសាស់របស់ផ្សិតអំបោះ |
| 260 ## - PUBLICATION, DISTRIBUTION, ETC. (IMPRINT) |
| Place of publication, distribution, etc. |
Phnom Penh |
| Name of publisher, distributor, etc. |
RUA |
| Date of publication, distribution, etc. |
2006 |
| 300 ## - PHYSICAL DESCRIPTION |
| Extent |
42p. |
| Other physical details |
ill. |
| Dimensions |
29cm. |
| 942 ## - ADDED ENTRY ELEMENTS (KOHA) |
| Source of classification or shelving scheme |
|
| Koha item type |
AGR |